000
00202 a2200097 4500
001
8902
100
_a
Treeble H A
245
_a
An A B C of english usage
260
_a
_b
Oxford
_c
090
_c
7093
_d
7093
942
_a
NUST-CAE
_c
M
_c
33704
999
_c
243975
_d
243975